Sử dụng máy trục

Na minha lista:
Detalhes bibliográficos
Autor principal: Nguyễn Văn Ngọc
Formato: Livro
Idioma:Undetermined
Publicado em: Hà Nội Công nhân kĩ thuật 1983
Tags: Adicionar Tag
Sem tags, seja o primeiro a adicionar uma tag!
Thư viện lưu trữ: Trung tâm Học liệu Trường Đại học Cần Thơ
LEADER 00499nam a2200169Ia 4500
001 CTU_15973
008 210402s9999 xx 000 0 und d
082 |a 621.873 
082 |b Ng419 
100 |a Nguyễn Văn Ngọc 
245 0 |a Sử dụng máy trục 
245 0 |c Nguyễn Văn Ngọc 
260 |a Hà Nội 
260 |b Công nhân kĩ thuật 
260 |c 1983 
904 |i Nguyễn Quang Điền, 970506 
980 |a Trung tâm Học liệu Trường Đại học Cần Thơ